000 00866nam a22002657a 4500
005 20140811115448.0
010 _aENG-110382
020 _a9788179304525
_c355.00
020 _a8179304523
_c355.00
035 _aB-497066-081
035 _aEN-93914
037 _bUBH/Ven
037 _bDBAD/PUB
082 _a509.54
245 _aDevelopments in science and technology /
_cedited by Kalpana Rajaram [and] R.K. Suri
250 _arev. & enl. ed
260 _aNew Delhi
_bSpectrum Books
_cc2012
270 _a102-103, 1st Floor, TC Jaina Tower -3,A-1, Janakpuri
_bNew Delhi
_e110058
300 _axvi, 854p.
_c23cm(pbk)
500 _aIncludes index
700 _aKalpana Rajaram
700 _aSuri,R.K.
942 _2ddc
_cEN
_mDEV
_h509.54
999 _c74714
_d74714